000 01195nam a22002897a 4500
003 BD-DhSAU
005 20190912155009.0
008 160224b2017 bg ||||| |||| 001 0 eng d
040 _aBD-DhSAU
082 _222
_a630.715
_bH7949
100 _aHossain , Quazi Afzal
_eRegistration # 13-05802
245 _aEffectiveness of Farmer to Farmar training in dissemination of Farm Information /
_bPhD Thesis
260 _aSher-e-Bangla Agricultural University
_b Department of Agricultural Extension & Information System,
_c2017
300 _axxvi, 324 p. :
_bill. ;
_c30 cm.
500 _aPhD Thesis , Department of Agricultural Extension & Information System, Faculty of Agriculture, Sher-e-Bangla Agricultural University, Dhaka, Bangladesh
504 _aIncluded Bibliographical References.
590 _aShofi
650 _aAgricultural Extension & Information System,
650 _aEffectiveness
650 _aDissemination
650 _aFarmer to Farmar training
650 _a Farm Information
700 _aAli , Md. Sekander
700 _aet. all.
856 _uhttp://archive.saulibrary.edu.bd:8080/xmlui/handle/123456789/2605
_yOnline access
942 _2ddc
_cPHD
999 _c14722
_d14721